书目信息 |
| 题名: |
图解南怀瑾国学精粹
|
|
| 作者: | 付志宏 著 | |
| 分册: | ||
| 出版信息: | 北京 中国言实出版社 2008.10 |
|
| 页数: | 203页 | |
| 开本: | 24cm | |
| 丛书名: | ||
| 单 册: | ||
| 中图分类: | Z126.27 | |
| 科图分类: | ||
| 主题词: | 国学--guo xue--中国--通俗读物 | |
| 电子资源: | ||
| ISBN: | 978-7-80250-076-1 | |
| 000 | 00858nam0 2200241 450 | |
| 001 | CAL 012008151479 | |
| 005 | 20111227144302.04 | |
| 010 | @a978-7-80250-076-1@dCNY29.80 | |
| 100 | @a20081014d2008 ekmy0chiy50 ea | |
| 101 | 0 | @achi |
| 102 | @aCN@b110000 | |
| 105 | @aak z 000yy | |
| 200 | 1 | @a图解南怀瑾国学精粹@ATu Jie Nan Huai Jin Guo Xue Jing Cui@d= The wisdom of Nan huaijin@f付志宏著@zeng |
| 210 | @a北京@c中国言实出版社@d2008.10 | |
| 215 | @a203页@c图@d24cm | |
| 330 | @a本书提供了一种快速了解南怀瑾大师国学思想的捷径,全书以轻松活泼的漫画、简单明了的结构图、逻辑严密的逻辑树。 | |
| 510 | 1 | @aWisdom of Nan huaijin@zeng |
| 600 | 0 | @a南怀瑾,@ANan Huai Jin@f1917-@x国学 |
| 606 | 0 | @a国学@Aguo xue@y中国@j通俗读物 |
| 690 | @aZ126.27@v4 | |
| 701 | 0 | @a付志宏@AFu Zhi Hong@4著 |
| 801 | 0 | @aCN@bZZRC@c20111227 |
| 905 | @aZUCC@dZ126.27@eF831@f3 | |
| 图解南怀瑾国学精粹= The wisdom of Nan huaijin/付志宏著.-北京:中国言实出版社,2008.10 |
| 203页:图;24cm |
| ISBN 978-7-80250-076-1:CNY29.80 |
| 本书提供了一种快速了解南怀瑾大师国学思想的捷径,全书以轻松活泼的漫画、简单明了的结构图、逻辑严密的逻辑树。 |
| ● |
| 相关链接 |
|
|
|
正题名:图解南怀瑾国学精粹
索取号:Z126.27/F831
 
预约/预借
| 序号 | 登录号 | 条形码 | 馆藏地/架位号 | 状态 | 备注 |
| 1 | 1182010 | 211820109 | 自科库501/501自科库 124排2列2层/ [索取号:Z126.27/F831] | 在馆 | |
| 2 | 1182011 | 211820118 | 期刊室512/501自科库 124排2列2层/ [索取号:Z126.27/F831] | 在馆 | |
| 3 | 1182012 | 211820127 | 自科库501/501自科库 124排2列2层/ [索取号:Z126.27/F831] | 在馆 |